| 000 | 00578nam a2200229Ia 4500 | ||
|---|---|---|---|
| 003 | OSt | ||
| 005 | 20220928110130.0 | ||
| 006 | a|||||r|||| 00| 0 | ||
| 007 | ta | ||
| 008 | 220927b |||||||| |||| 00| 0 eng d | ||
| 024 | _a51243 | ||
| 037 | _cTextual | ||
| 040 |
_aSDCL _cSDCL _beng |
||
| 041 |
_2eng _aeng |
||
| 082 | _aO157,3N331,1, 152K4 | ||
| 100 | _aShankar | ||
| 245 | 0 | _aChaurangi. | |
| 260 |
_aDelhi _bRaj Kamal rakashan _c1964 |
||
| 300 |
_a435p _ccm. |
||
| 942 |
_hO157,3N331,1, 152K4 _cTEXL _2CC |
||
| 999 |
_c734259 _d734259 |
||